01573 a2200217 45000010006000000050017000060080041000230030015000640400040000790800055001192450173001740200022003472640094003693000019004635050703004820410008011851000020011937000025012137000018012388560099012564582320260407155730.0260407a2006 arg spa dAR-UNSa-BCEJYS aAR-UNSa-BCEJYSbspacAR-UNSa-BCEJYS a331.5(82)xMercado de Trabajo. Empleo en Argentina10aInstituciones laborales y políticas activas de promoción del empleo en la ArgentinapUna investigación de FIEL en cooperación con la fundación Konrad Adenauer a978-987-9329-23-8 1aBuenos Aires :bFIEL (Fundación de Investigaciones Económicas Latinoamericanas)c2006 a184 p.c23 cm. aParte I: El mercado de trabajo en la Argentina. Instituciones y desempeño: 1. Evolución reciente del mercado laboral argentino – 2. Las instituciones laborales en la Argentina y la experiencia comparada – 3. Organización institucional y desempeño de los mercados de trabajo ¿A quién protege la regulación? – Parte II: Las políticas de empleo: 4. Las políticas de promoción del empleo en la experiencia internacional – 5. Evaluación de las políticas activas de empleo – 6. Historias recientes de los programas de empleo en la Argentina – 7. Situación actual de las políticas de empleo en la Argentina – Parte III: Conclusiones y recomendaciones generales -  aspa1 aBour, Juan Luis1 aAuguste, Sebastián1 aSusmel, Nuria41uhttps://www.biblioeco.unsa.edu.ar/pmb/images/libros/L127194.jpgyImagen de portadaqimage/jpeg